000 00657nam a22001931c 4500
001 a74849
008 051021s2001 gw a||| 000u eng d
020 _a3805320094
_93-8053-2009-4
041 _aeng
245 0 0 _aKatharina II., Russland und Europa. Beiträge zur internationalen Forschung
264 _aMainz :
_bvon Zabern,
_c2001
300 _aXXX, 607 S. : Ill
650 0 _aKatharina II., Russland, Zarin
700 1 _aScharf, Claus
_eHerausgeberIn
942 _cMG
040 _cRU-10907106
003 RU-10907106
999 _c11582
_d11582
490 0 _aVeröffentlichungen des Instituts für Europäische Geschichte Mainz / Beiheft
_v45 : Abteilung für Universalgeschichte